| 000 -LEADER |
| fixed length control field |
00944nam a22002177a 4500 |
| 003 - CONTROL NUMBER IDENTIFIER |
| control field |
OSt |
| 005 - DATE AND TIME OF LATEST TRANSACTION |
| control field |
20260122192135.0 |
| 008 - FIXED-LENGTH DATA ELEMENTS--GENERAL INFORMATION |
| fixed length control field |
230226b ||||| |||| 00| 0 eng d |
| 040 ## - CATALOGING SOURCE |
| Transcribing agency |
Ost |
| 041 ## - LANGUAGE CODE |
| Language code of text/sound track or separate title |
Shan |
| 082 ## - DEWEY DECIMAL CLASSIFICATION NUMBER |
| Classification number |
959.195919 ၸိူဝ်ႉ |
| 100 ## - MAIN ENTRY--PERSONAL NAME |
| Personal name |
ၸိူဝ်ႉလၢၼ်ႉၸဝ်ႈ |
| 245 ## - TITLE STATEMENT |
| Title |
ပိုၼ်းတႆးမိူဝ်ႈမိုၼ်ႉၵွၼ်ႇ |
| Statement of responsibility, etc. |
ၸိူဝ်ႉလၢၼ်ႉၸဝ်ႈ |
| 260 ## - PUBLICATION, DISTRIBUTION, ETC. |
| Place of publication, distribution, etc. |
[ဝဵင်း] |
| Name of publisher, distributor, etc. |
[တီႈ] |
| Date of publication, distribution, etc. |
1998 |
| 300 ## - PHYSICAL DESCRIPTION |
| Extent |
ယ၊ 103 ၼႃႈ |
| Other physical details |
ႁၢင်ႈၽႅၼ်ႇလိၼ်၊ ႁၢင်ႈ |
| Dimensions |
18 ၸိၼ်ႇထီႇ |
| 500 ## - GENERAL NOTE |
| General note |
S-SAT: Dr. Prof Sai Aung Tun |
|
| General note |
ပဵၼ်ပပ်ႉၸဝ်ႈတႃႇၼႁၢင်ၶေႃ ၶွင်တွၵ်ႉတိူဝ်ႇၸၢႆးဢွင်ႇထုၼ်း |
| 650 ## - SUBJECT ADDED ENTRY--TOPICAL TERM |
| Topical term or geographic name entry element |
ပိုၼ်းတႆး |
| 942 ## - ADDED ENTRY ELEMENTS (KOHA) |
| Koha item type |
Book (Short term) |
| 100 ## - MAIN ENTRY--PERSONAL NAME |
| 9 (RLIN) |
20668 |
| 650 ## - SUBJECT ADDED ENTRY--TOPICAL TERM |
| 9 (RLIN) |
20580 |
|
| Source of classification or shelving scheme |
|